000 00405nam a22001457a 4500
005 20240306095240.0
008 240306b ||||| |||| 00| 0 eng d
040 _cAL
041 _aeng
082 _223
_a658.3
_bRECR
245 _aRecruitment Selection and Training in a Public Sector Company
260 _aMangalore
_bSt Aloysius College
_c1996
700 _aMARIA (Regina)
_9153119
942 _2ddc
_cPRO
999 _c230079
_d230079